| 000 | 01038cab a2200229 4500 | ||
|---|---|---|---|
| 001 | WB3303-32 | ||
| 008 | 090401t1996 xxu||||| |||| 00| 0 eng d | ||
| 035 | _a(Sirsi) u26591 | ||
| 041 | _aeng | ||
| 245 | _aEconomic considerations | ||
| 260 | _c1996 | ||
| 350 | _a0 | ||
| 490 |
_aEstates Gazette Case Summaries _v[1996] EGCS 200 (1) (11/01/97) |
||
| 520 | _a"R v Kingston upon Hull CC, ex parte Kingswood Development Co Ltd" QBD. Applicants intention of relocating to a different site was dependant on current site being sold with permission for retail development; granted subject to a section 106 agreement. Competing developer claimed financing of intended relocation was a material consideration. Application dismissed. | ||
| 650 | _aECONOMIC CONSIDERATIONS | ||
| 650 | _aMATERIAL CONSIDERATION | ||
| 650 | _aR V KINGSTON UPON HULL CITY COUNCIL EX PARTE KINGSWOOD DEVELOPMENT CO | ||
| 650 | _aTOWN AND COUNTRY PLANNING ACT 1990 S106 | ||
| 690 | _aPLANNING LAW AND PRACTICE-CASE LAW | ||
| 942 | _n0 | ||
| 948 | _c04/03/1997 | ||
| 999 |
_c17883 _d17883 |
||